MARC

Tag First Indicator Second Indicator Subfields
LEADER 00000cam a22000001a 4500
001 in00002833721
005 20190331174401.0
006 m o d
007 cr bn mmmapmmp
008 110705s1993 dcud o f000 0 eng d
035 |a cis2004629785 
040 |a ProQuest  |c ProQuest  |d UtOrBLW 
043 |a n-us--- 
086 0 |a Y 1.1/3:103-13 
099 |a ProQuest Serial Set Number 14153 S.doc.13 
110 1 |a United States.  |b Congress.  |b Senate.  |b Committee on Rules and Administration. 
245 1 0 |a Senate Election Law Guidebook, 1994. 
264 1 |a Washington :  |b [publisher not identified],  |c 1993. 
300 |a 1 online resource. 
336 |a text  |b txt  |2 rdacontent 
337 |a computer  |b c  |2 rdamedia 
338 |a online resource  |b cr  |2 rdacarrier 
490 0 |a S. Doc. 103-13 
500 |a Record is based on bibliographic data in ProQuest U.S. Serial Set Digital Collection (last viewed July 2011). Reuse except for individual research requires license from ProQuest, LLC. 
510 3 |a ProQuest U.S. Serial Set Digital Collection 
500 |a Electronic resource. 
610 1 0 |a United States.  |b Congress  |x Officials and employees. 
610 2 0 |a Library of Congress.  |b Congressional Research Service. 
650 0 |a Campaign funds. 
655 7 |a Electronic books.  |2 local 
710 2 |a ProQuest (Firm) 
830 0 |a United States congressional serial set. 
856 4 0 |u http://proxy.library.tamu.edu/login?url=http://congressional.proquest.com/congcomp/getdoc?SERIAL-SET-ID=14153+S.doc.13  |z Connect to the full text of this electronic book  |t 0 
999 |a MARS 
999 f f |s d3555dc5-7a79-3229-92e2-0ee6a538e754  |i f6c8c495-8ccd-3a7c-9548-dcd856293691  |t 0 
952 f f |a Texas A&M University  |b College Station  |c Electronic Resources  |d Available Online  |t 0  |e ProQuest Serial Set Number 14153 S.doc.13  |h Other scheme 
998 f f |a ProQuest Serial Set Number 14153 S.doc.13  |t 0  |l Available Online